[Event "Rheinhausen-ch op 18th"]
[Site "Rheinhausen"]
[Date "2014.02.07"]
[Round "3"]
[White "Matthecka, Juergen"]
[Black "Roth, Jan"]
[Result "1/2-1/2"]
[WhiteElo "1439"]
[BlackElo "1454"]
[PlyCount "147"]
[EventDate "2014.01.10"]
[EventType "swiss"]
[EventRounds "7"]
[EventCountry "GER"]
[SourceTitle "EXT 2017"]
[Source "ChessBase"]
[SourceDate "2016.10.25"]
[SourceVersion "1"]
[SourceVersionDate "2016.10.25"]
[SourceQuality "1"]

1. e4 e6 2. f4 d5 3. e5 c5 4. Nf3 a6 5. Ng5 h6 6. Nf3 Nc6 7. c3 Rb8 8. Bd3 c4 9. Bc2 Bc5 10. d3 b5 11. d4 Be7 12. 0-0 b4 13. Nbd2 a5 14. Rf2 g6 15. Nf1 h5 16. Ng5 Nh6 17. Ne3 Ba6 18. Rf3 Qb6 19. Bb1 Bb5 20. Rg3 Nd8 21. Qc2 Nf5 22. Nxf5 exf5 23. Qe2 Ne6 24. Nxe6 Qxe6 25. Bc2 b3 26. Bd1 a4 27. a3 Kd7 28. Be3 Rbg8 29. Qd2 Rh7 30. Be2 Bh4 31. Rh3 Be7 32. Rf1 Rhg7 33. Rf2 Qc6 34. Bf3 Ke6 35. Kf1 Rh7 36. Qc1 Qe8 37. Ke2 Rgh8 38. Qh1 Bc6 39. Qg1 h4 40. Rf1 Rh6 41. Rf2 Qc8 42. Qc1 R6h7 43. Kf1 Rg7 44. Qb1 Qd8 45. Be2 Kd7 46. Bf3 Kc7 47. Re2 Bb7 48. Bf2 Bc8 49. Qe1 Be6 50. Be3 g5 51. fxg5 Bxg5 52. Bxg5 Qxg5 53. Kg1 f4 54. Kh1 Qd8 55. Qd2 Bxh3 56. gxh3 Rhg8 57. Rg2 Rxg2 58. Bxg2 Qg5 59. Qf2 Qf5 60. Qf1 Rd8 61. Bxd5 Qd3 62. Bxc4 Qe4+ 63. Qg2 Qe1+ 64. Qg1 Qe4+ 65. Qg2 Qe1+ 66. Bf1 Rg8 67. Qe2 Qc1 68. d5 Qe3 69. Qxe3 fxe3 70. Be2 Rg5 71. d6+ Kd7 72. Bb5+ Kd8 73. Be2 Rxe5 74. Kg1 1/2-1/2